Commercial law and Industrial law (Record no. 5633)

MARC details
000 -LEADER
fixed length control field 00535cam a2200193ua 4500
001 - CONTROL NUMBER
control field 6489
005 - DATE AND TIME OF LATEST TRANSACTION
control field 20260515114046.0
008 - FIXED-LENGTH DATA ELEMENTS--GENERAL INFORMATION
fixed length control field 131216n ii |||gr||||Z||||||eng
040 ## - CATALOGING SOURCE
Transcribing agency MAIN
082 ## - DEWEY DECIMAL CLASSIFICATION NUMBER
Classification number 346.07
245 ## - TITLE STATEMENT
Title Commercial law and Industrial law
Statement of responsibility, etc. By Arun kumar sen
260 ## - PUBLICATION, DISTRIBUTION, ETC.
Place of publication, distribution, etc. Calcutta:
Name of publisher, distributor, etc. The world press private ltd.,
Date of publication, distribution, etc. 1986.
300 ## - PHYSICAL DESCRIPTION
Extent xx,140p.
653 ## - INDEX TERM--UNCONTROLLED
Uncontrolled term Commerce
653 ## - INDEX TERM--UNCONTROLLED
Uncontrolled term Commercial law and Industrial law
700 ## - ADDED ENTRY--PERSONAL NAME
Personal name Sen,Arun kumar,
Relator term Author.,
700 ## - ADDED ENTRY--PERSONAL NAME
Personal name Mitra,Jitendra kumar,
Relator term Author.
942 ## - ADDED ENTRY ELEMENTS (KOHA)
Koha item type Books
Holdings
Withdrawn status Lost status Damaged status Not for loan Home library Current library Shelving location Date acquired Total checkouts Full call number Barcode Date last seen Copy number Price effective from Koha item type
        Naharkatiya College Library Naharkatiya College Library General stacks 09/19/2020   346.07 | SEN 13574 09/19/2020 1 09/19/2020 Books
        Naharkatiya College Library Naharkatiya College Library General stacks 09/19/2020   346.07 | SEN 13575 09/19/2020 2 09/19/2020 Books